Brooklyn nine nine - Statistiques

Statistiques générales
  • Ce quiz a été pris 690 fois
  • Le résultat moyen est 10 sur 12
Statistiques - réponses
Par images Réponse % Correct
Amy
96%
Jake
94%
Rosa
94%
Gina
92%
Charles
91%
Kevin
90%
Raymond
89%
Scully
84%
Hitchcock
83%
Pimento
79%
Doug Judy
66%
Teddy
62%
Aucun quiz correspondant
Distribution des résultats
% des personnes avec chaque résultat
Percentile par nombre de réponses
Votre historique - résultats
Vous n’avez pas pris ce quiz